000 00598nam a2200229Ia 4500
003 OSt
005 20220928104558.0
006 a|||||r|||| 00| 0
007 ta
008 220927b |||||||| |||| 00| 0 eng d
024 _a129404
037 _cTextual
040 _aSDCL
_cSDCL
_beng
041 _2eng
_aeng
082 _aQ7.1'N, E2
100 _aBukhsh S Khuda
_9411134
245 0 _aEssays Indian and Islamic.
260 _aDelhi
_bIdarah-I Adabiyat-I Delli
_c1912
300 _a291p.
_ccm.
942 _hQ7.1'N, E2
_cTEXL
_2CC
999 _c726790
_d726790